000 00870nas a2200277 4500
001 BR2015000689
003 BR-BrBNA
005 20231205125002.0
007 ta
008 230509b bl.|||p| |||| 00| 00por d
040 _aBR-BrBNA
_bpor
_cBiblioteca Nacional de Agricultura
041 _a(En)
072 _aM12
100 1 _aCarvalho, C.V.A. de
100 1 _aPassini, G.
100 1 _aCosta, W. de M.
100 1 _aVieira, B.N.
100 1 _aCerqueira, V.R.
245 1 _aEffect of estradiol-17 B on the sex ratio, growth and survival of juvenile common snook (Centropomus undecimalis)
650 _aROBALO
650 _aCRESCIMENTO
650 _aHORMÔNIO
773 0 _tActa Scientiarum. Animal Sciences (Brazil)
_xISSN 1806-2636
_g(Jul-Sep 2014), v. 36(3) p. 239-245
_wBR2015000689
909 _a202311
_bLúcia
_c55
_dLúcia Elande
942 _2AGRIS
_n0
_cANA
999 _c241991
_d241991